Libertadores Champion by Year - Statistics

General Stats
  • This quiz has been taken 219 times
  • The average score is 44 of 64
Answer Stats
Year Team % Correct
1960 Peñarol
88%
1962 Santos
85%
1961 Peñarol
84%
1963 Santos
84%
2023 Fluminense
82%
2018 River Plate
81%
2020 Palmeiras
80%
2021 Palmeiras
80%
2019 Flamengo
79%
2022 Flamengo
79%
2000 Boca Juniors
77%
2012 Corinthians
77%
2017 Grêmio
77%
2011 Santos
77%
2005 São Paulo
77%
2004 Once Caldas
76%
1999 Palmeiras
76%
2015 River Plate
76%
2013 Atlético Mineiro
75%
2016 Atlético Nacional
75%
2001 Boca Juniors
74%
2003 Boca Juniors
74%
2007 Boca Juniors
74%
1964 Independiente
74%
2010 Internacional
74%
2014 San Lorenzo
74%
2009 Estudiantes
72%
1981 Flamengo
72%
1965 Independiente
72%
2006 Internacional
72%
1998 Vasco da Gama
72%
1972 Independiente
71%
1973 Independiente
71%
1974 Independiente
70%
1975 Independiente
70%
2008 LDU
68%
2002 Olimpia
67%
1966 Peñarol
67%
1997 Cruzeiro
66%
1983 Grêmio
66%
1995 Grêmio
66%
1977 Boca Juniors
65%
1967 Racing
64%
1992 São Paulo
64%
1984 Independiente
63%
1996 River Plate
63%
1993 São Paulo
63%
1978 Boca Juniors
62%
1976 Cruzeiro
62%
1968 Estudiantes
61%
1971 Nacional
60%
1980 Nacional
60%
1994 Vélez Sarsfield
60%
1970 Estudiantes
59%
1986 River Plate
59%
1991 Colo Colo
58%
1969 Estudiantes
58%
1982 Peñarol
58%
1988 Nacional
57%
1979 Olimpia
56%
1989 Atlético Nacional
54%
1990 Olimpia
54%
1987 Peñarol
54%
1985 Argentinos Juniors
53%
No matching quizzes found
Score Distribution
Percent of People with Each Score
Percentile by Number Answered
Your Score History
You have not taken this quiz